Normal view
MARC view
Entry Personal Name
001 - CONTROL NUMBER
- control field: 266274
003 - CONTROL NUMBER IDENTIFIER
- control field:
005 - DATE AND TIME OF LATEST TRANSACTION
- control field: 20210601210459.0
008 - FIXED-LENGTH DATA ELEMENTS
- fixed length control field: 210601|| aca||aabn | a|a d
040 ## - CATALOGING SOURCE
- Original cataloging agency:
- Transcribing agency:
100 ## - HEADING--PERSONAL NAME
- Personal name: Ragan, Louise
670 ## - SOURCE DATA FOUND
- Source citation: Work cat.: (): Dottin, Paul, 1895-1965 266272, The life and strange and surprising adventures of Daniel De Foe /, 1971
